Score 0/14 Timer 02:00
2 Plays Today
% Correct
Reading
96.6%
Playing ball sports
96.6%
Gardening
96.4%
Doing yoga
96.3%
Playing with dolls
95.9%
Cooking
95.4%
Listening to music
95.4%
% Correct
Spending time on the beach
95.4%
Painting
95.4%
Surfing the web
95.2%
Fishing
95%
Traveling overseas
93.4%
Hiking
92.5%
Making music
88.8%
Remove Ads.
Support Sporcle.
Get the best of Sporcle when you Go Orange. This ad-free experience offers more features, more stats, and more fun while also helping to support Sporcle. Thank you for becoming a member.

You're not logged in!

Compare scores with friends on all Sporcle quizzes.
OR
Log In

Show Comments

Extras

Top Quizzes Today


Score Distribution

Your Account Isn't Verified!

In order to create a playlist on Sporcle, you need to verify the email address you used during registration. Go to your Sporcle Settings to finish the process.

Report this User

Report this user for behavior that violates our Community Guidelines.

Details: